000 01592cam a2200361 a 4500
005 20260322212030.0
008 data
010 _a 2010036506
020 _a9780446577892 (regular ed.)
020 _a0446577898 (regular ed.)
020 _z9780446573719 (large print ed.)
020 _z9780446573719 (large print ed.) (large print ed.)
020 _a0446577898
040 _aDLC
_beng
_cDLC
_dDLC
_dBTCTA
_dYDXCP
_dM{dollar}K
_dUPZ
_dIH9
_dCWJ
_dZPX
_dLF3
_dOCLCQ
_dHBP
_dCDX
_dCD5
_dQ2V
_dUPM
_dDLC
043 _an-us-dc
050 0 0 _aPS3563.E4496
_bI56 2011
082 0 0 _a813/.54
_222
099 _aMELTZB
100 1 _aMeltzer, Brad.
245 1 4 _aThe inner circle /
_cBrad Meltzer.
250 _a1st ed.
260 _aNew York :
_bGrand Central Pub.,
_c2011.
300 _aix, 449 p. ;
_c24 cm.
520 _aA young archivist working in the National Archives and his childhood crush accidentally happen upon a priceless artifact--a 200-year-old dictionary that once belonged to George Washington--hidden inside a desk chair. Eager to discover why the President is hiding this important national treasure, the two soon find themselves entangled in a web of deception, conspiracy, and murder that will reveal the most well kept secret of the U.S. Presidency.
610 1 0 _aUnited States.
_bNational Archives and Records Administration
_vFiction.
650 0 _aArchivists
_vFiction.
650 0 _aConspiracies
_vFiction.
650 0 _aSuspense fiction.
_2gsafd
651 0 _aWashington (D.C.)
_vFiction.
655 0 _aPolitical fiction.
655 7 _aSuspense fiction.
_2gsafd
001 data
999 _c700
_d700